[Event "Heusenstamm Schloss op"]
[Site "Heusenstamm"]
[Date "2023.11.25"]
[Round "4"]
[White "Meyer Jany, Marcel"]
[Black "Rotaermel, Leonie"]
[Result "1-0"]
[WhiteElo "1778"]
[BlackElo "1472"]
[PlyCount "131"]
[EventDate "2023.11.23"]
[EventType "swiss"]
[EventRounds "7"]
[EventCountry "GER"]
[SourceTitle "CB50_2023"]
[SourceDate "2023.12.13"]
[SourceVersion "1"]
[SourceVersionDate "2023.12.13"]
[SourceQuality "1"]

1. d4 d5 2. c4 dxc4 3. e3 Nf6 4. Bxc4 a6 5. Be2 e6 6. Nf3 c5 7. 0-0 Nbd7 8. b3 Be7 9. Bb2 0-0 10. Nbd2 b6 11. Rc1 Bb7 12. Rc2 Nd5 13. a3 cxd4 14. Nxd4 Rc8 15. Qc1 Rxc2 16. Qxc2 Qc8 17. Rc1 Qxc2 18. Rxc2 Bf6 19. b4 b5 20. N2b3 Rc8 21. Rxc8+ Bxc8 22. Bf3 N7b6 23. e4 Ne7 24. Be2 Na4 25. Bc1 Bb7 26. Bd3 Nc6 27. Nxc6 Bxc6 28. f3 Kf8 29. Kf2 Bc3 30. Ke3 e5 31. g3 Ke7 32. Be2 g6 33. Kd3 Bb7 34. Bd1 Bb2 35. Kc2 Bxc1 36. Nxc1 Nb6 37. Be2 Kd6 38. Nb3 Nd7 39. Kd3 f6 40. Ke3 Ba8 41. h4 h6 42. Bf1 Bb7 43. Bh3 Bc8 44. Bf1 Bb7 45. Bd3 Bc8 46. Bc2 Nb6 47. Na5 Ke7 48. Bd3 Kd6 49. Nb3 Nd7 50. f4 exf4+ 51. gxf4 Nf8 52. Be2 g5 53. hxg5 hxg5 54. fxg5 fxg5 55. Nc5 Nd7 56. Bg4 Kc7 57. Ne6+ Kb8 58. Nxg5 Ne5 59. Bxc8 Nc4+ 60. Kd4 Kxc8 61. a4 Nd6 62. a5 Kb7 63. Ne6 Ne8 64. Nc5+ Ka7 65. e5 Nc7 66. e6 1-0

[Event "Rhein Main op-B 25th"]
[Site "Bad Homburg"]
[Date "2023.06.10"]
[Round "6"]
[White "Lee, Kwan Ho Matthew"]
[Black "Meyer Jany, Marcel"]
[Result "0-1"]
[WhiteElo "1597"]
[BlackElo "1744"]
[PlyCount "54"]
[EventDate "2023.06.07"]
[EventType "swiss"]
[EventRounds "7"]
[EventCountry "GER"]
[SourceTitle "CBM 215 Extra"]
[Source "ChessBase"]
[SourceDate "2023.09.30"]
[SourceVersion "1"]
[SourceVersionDate "2023.09.30"]
[SourceQuality "1"]

1. d4 d5 2. c4 c6 3. cxd5 cxd5 4. Nc3 Nf6 5. f3 Nc6 6. e4 dxe4 7. d5 Ne5 8. fxe4 e6 9. Nf3 Nxf3+ 10. Qxf3 Bb4 11. Bg5 Qa5 12. Bxf6 gxf6 13. Qxf6 Rg8 14. Rd1 Rg6 15. Qd4 Bd7 16. dxe6 Bxe6 17. a3 Bxc3+ 18. bxc3 Qxa3 19. Bb5+ Ke7 20. Rf1 Rc8 21. Rf3 Qc5 22. Be2 Qxd4 23. cxd4 Rxg2 24. Ra3 Rc2 25. Re3 Rxh2 26. Rb1 Rcxe2+ 27. Rxe2 Rh1+ 0-1